000 00801 a2200205 4500
020 _a0471471348
040 _aDLC
_bDLC
082 0 0 _a519.5/354
100 1 _aJackson, J. Edward.
245 1 2 _aA user's guide to principal components
_cJ. Edward Jackson.
260 _aHoboken, N.J. :
_bWiley-Interscience,
_cc2003.
300 _axvii, 569 p. :
_bill. ;
_c24 cm.
440 0 _aWiley series in probability and statistics
440 0 _aWiley-Interscience paperback series
500 _aOriginally published: New York : Wiley, c1991.
650 0 _aPrincipal components analysis.
856 4 2 _3Publisher description
_uhttp://www.loc.gov/catdir/description/wiley041/2004268935.html
856 4 2 _3Table of contents
_uhttp://www.loc.gov/catdir/toc/wiley041/2004268935.html
942 _cBK
_k519.5354 JAC
_2ddc
999 _c7757
_d7757